円高がわが国輸出に考える影響

Enregistré dans:
Détails bibliographiques
Collectivité auteur: 日本貿易振興会海外経済情報センター
Format: Livre
Langue:Undetermined
Publié: 「東京」 日本貿易振興会 1977
Sujets:
Tags: Ajouter un tag
Pas de tags, Soyez le premier à ajouter un tag!
Thư viện lưu trữ: Trung tâm Học liệu Trường Đại học Cần Thơ
LEADER 00598nam a2200193Ia 4500
001 CTU_85141
008 210402s9999 xx 000 0 und d
082 |a 332.4 
082 |b N691 
110 |a 日本貿易振興会海外経済情報センター 
245 0 |a 円高がわが国輸出に考える影響 
245 0 |c 日本貿易振興会海外経済情報センター 
260 |a 「東京」 
260 |b 日本貿易振興会 
260 |c 1977 
650 |a Money,Japanese finance 
650 |z Japan 
904 |i Ngoc 
980 |a Trung tâm Học liệu Trường Đại học Cần Thơ